Online Catalogue and eLibrary

Subhash Chandra Bose and the Resolution of the Women's Questions, Ideas and Ideologies : (Record no. 1510)

MARC details
000 -LEADER
fixed length control field 00443nam a2200145Ia 4500
005 - DATE AND TIME OF LATEST TRANSACTION
control field 20241218015452.0
008 - FIXED-LENGTH DATA ELEMENTS--GENERAL INFORMATION
fixed length control field 240331s9999 xx 000 0 und d
082 ## - DDC Classification
Item Number - Author Mark REB
DDC Edition Number 4704
Class No. 305
100 ## - MAIN ENTRY--PERSONAL NAME
Personal name Som, R
245 #0 - TITLE STATEMENT
Title Subhash Chandra Bose and the Resolution of the Women's Questions, Ideas and Ideologies :
Remainder of title Monograph II
260 ## - PUBLICATION, DISTRIBUTION, ETC.
Place of publication, distribution, etc. New Delhi
Name of publisher, distributor, etc. Centre for Women's Development Studies
Date of publication, distribution, etc. 2002
300 ## - PHYSICAL DESCRIPTION
Extent (e.g. Volumes, Pages etc.) 43 p.,
650 ## - SUBJECT ADDED ENTRY--TOPICAL TERM
Topical term or geographic name entry element Women
942 ## - Koha item type (Biblio)
Koha item type Books in Stacks (Lending)
Holdings
Lost status Damaged status Collection code Home library Current library Shelving location Date acquired Full call number Accession Number Item type
    Lending WERC Library WERC Library Social Science Cupboard 03/31/2024 305 SOM 4704 Books in Stacks (Lending)

© WERC Library